Мимолетни създания и други психотерапевтични истории (Запис номер 511790)
[ съкратено ]
| 000 -Лидер | |
|---|---|
| Лидер | 01419nam a2200301 a 4500 |
| 003 - Код на организацията, давaща контролен номер | |
| Код на организацията, даваща контролен номер | BLK |
| 005 - Дата и час на последна редакция | |
| Дата и час на последна редакция | 20250405151209.0 |
| 007 - Фиксирано поле за физическо описани | |
| Физическо описание | ta |
| 008 - Елементи от данни с фиксирана дължина | |
| Елементи с фиксирана дължина | 221104b bu |||||r|||| 00| | bu d |
| 020 ## - Международен стандартен номер на книга ISBN | |
| ISBN | 9786190113973 |
| 040 ## - Източник на каталожния запис | |
| Код на библиотеката | BLK |
| 041 ## - Код за език | |
| Език | Български |
| Език за КДБФ | Български |
| 080 ## - УДК | |
| 9 (RLIN) | 237353 |
| УДК текст | Психотерапия - Психодрама, лечение по системата на йогите, колективна психотерапия, терапевтично влияние на музиката, изкуство. Медитация - психотерапевтични аспекти. Самовнушение. Вж и 616.89 |
| УДК код | 615.851 |
| УДК – код + определител | 615.851 |
| 084 ## - Класификационен индекс по друга класификация | |
| Авторски знак | Ял - Я 39 |
| 100 1# - Редна дума - Автор | |
| R(LIN) | 145330 |
| Автор | Ялом, Ървин Дeйвид |
| 245 ## - Сведения за заглавието | |
| Заглавие | Мимолетни създания и други психотерапевтични истории |
| Авторска отговорност | Ървин Д. Ялом, Молин Леш ; прев. от англ. Ангелин Мичев |
| 260 ## - Област на издателските данни | |
| 9 (RLIN) | 210881 |
| Място на издаване | София |
| Име на издателя | Изток-Запад |
| Година на издаване | 2024 |
| 300 ## - Физическа характеристика | |
| Брой страници | 200 с. |
| Размер | 21 см |
| 380 ## - Жанр | |
| Жанр | Медицина |
| 650 #7 - Допълнително описание по предмет – тема | |
| 9 (RLIN) | 168415 |
| Предметна рубрика | Психотерапия |
| 650 #0 - Допълнително описание по предмет – тема | |
| 9 (RLIN) | 344869 |
| Предметна рубрика | Психология, клинична |
| 700 1# - Други автори (авторска отговорност) | |
| Друг автор | Мичев, Ангелин Димитров |
| 9 (RLIN) | 98175 |
| 852 ## - Местоположение | |
| Сигнатура (форматна) | Цб 324801 |
| Отдел | Хранилище |
| 856 ## - Електронен адрес и достъп | |
| Инструкция (цена за достъп) | 0.00 |
| Права за достъп | disable |
| 942 ## - АРТИКУЛИ | |
| Вид на библиотечния документ | Книги |
| Скрит в OPAC | Не |
| Koha issues (borrowed), all copies | 14 |
| 944 ## - СЪЗДАВАНЕ И РЕДАКЦИЯ на ЗАПИСА | |
| Дата на регистрацията/редакция | Нора Радева |
| Служител, извършил регистрацията/редакцията | 30575 |
| Номер на служител | Мартин Енчев |
| 944 ## - СЪЗДАВАНЕ И РЕДАКЦИЯ на ЗАПИСА | |
| Служител, извършил регистрацията/редакцията | М.Я. |
| Създаване/Редакция | Редакция |
| 999 ## - СИСТЕМНИ КОНТРОЛНИ НОМЕРА | |
| Koha biblionumber | 511790 |
| Koha biblioitemnumber | 511790 |
| Код за отписване | Код за изгубен артикул | Източник на класификационната схема | Код за повреда | Код за отдаване | Артикулен № | Име на библиотеката - собственик | Име на библиотеката, в която се намира в момента | Статус (Текущо местоположение) | Дата на вписване в системата | Местоположение - отдел | Цена в лева | Инвентарен номер | Систематично азбучна сигнатура | Баркод | Цена в евро | Служебен тип на артикула | Коз за рестрикции |
|---|---|---|---|---|---|---|---|---|---|---|---|---|---|---|---|---|---|
| Не е изгубен | Universal Decimal Classification | Не е повреден | заемане за дома | 943961 | Регионална библиотека "Любен Каравелов" Русе | Регионална библиотека "Любен Каравелов" Русе | Заемна - подръчен фонд | 2024-06-11 | Заемна - подръчен фонд | 13.69 | 120000909072 | 615.8/Я 39 Ъ | 120000909072 | 7.00 | Книги | ||
| Не е изгубен | Universal Decimal Classification | Не е повреден | заемане за дома | 943962 | Регионална библиотека "Любен Каравелов" Русе | Регионална библиотека "Любен Каравелов" Русе | Заемна - подръчен фонд | 2024-06-11 | Заемна - подръчен фонд | 13.69 | 120000909071 | 615.8/Я 39 Ъ | 120000909071 | 7.00 | Книги | ||
| Не е изгубен | Universal Decimal Classification | Не е повреден | ползва се в читалня | 949856 | Регионална библиотека "Любен Каравелов" Русе | Регионална библиотека "Любен Каравелов" Русе | Хранилище | 2024-09-25 | Хранилище | 19.90 | 120000913226 | Цб 324801 | 120000913226 | 10.17 | Книги | само за читалня |